Grand Mapper Winners - Statistics

General Stats
  • This quiz has been taken 10 times
  • The average score is 16 of 18
Answer Stats
Hint Answer % Correct
Grand Mapper Colonial Mapper
100%
War of Elysium Dual Belgium Mapping
100%
Diarchy Interflux
100%
Grand Mapper 3.0 Swiss
100%
Grand Mapper ★ Cheri
89%
Golden Horizons Eastern Mapping
89%
David vs Goliath Holy Sealandic Mapping
89%
Cryptic Forces Lazer Kiwi
89%
Trenches of Terror Quebec Mapper
89%
R&R Ultimus Simple Mapping
89%
12 Days of GM Venant Mapping
89%
12 MORE Days of GM Doom
78%
Olympians Frkon
78%
La Conquista Gulfstream
78%
Northern Lights Idle Vize
78%
All-Stars Omega
78%
Tides of theAtlantic Royal Mapping
78%
Revenge &Redemption Skeletal Mapper
78%
No matching quizzes found
Score Distribution
Percent of People with Each Score
Percentile by Number Answered
Your Score History
You have not taken this quiz